Open Data Biblioteca Nacional de Portugal


República Portuguesa: Ministério da Cultura
Biblioteca Nacional de Portugal

Catálogo da BNP: acesso por Identificadores Unívocos
Registos Bibliográficos associados ao registo de autoridade

Etiqueta de registo: 00254nam 2200025 450
001 2203306
003 http://id.bnportugal.gov.pt/bib/catbnp/2203306
010 ## $a978-989-571-320-2
021 ## $aPT$b531815/24
100 ## $a20250121d2024 m y0pory01030103ba
101 1# $apor
102 ## $aPT
105 ## $aa z 000yy
106 ## $ar
200 1# $a A energia das pedras.$hVol. 13,$iGranada$ftextos Lia Gómez$ged. Sílvia Vallejo$gtrad. Teresa Souto
210 #9 $a[S.l.]$cAtlântico Press,$dcop. 2024
215 ## $a15 p.$cil.$d27 cm
675 ## $a615.85(035)$vBN$zpor$3876340
675 ## $a549.6(035)$vBN$zpor$31943270
675 ## $a133.2(035)$vBN$zpor$31224801
700 #1 $aGómez,$bLia$31894070
702 #1 $aVallejo,$bSílvia$4340$31941887
702 #1 $aSouto,$bTeresa Ana,$f1959-$4730$31187722
801 #0 $aPT$bBN$gRPC
856 41 $uhttp://rnod.bnportugal.gov.pt/ImagesBN/winlibimg.aspx?skey=&doc=2203306&img=204003&save=true
900 ## $aBIBNAC$d20250225
966 ## $lBN$mFGMON$sS.A. 189886 V.$x1
966 ## $lBN$mFGMON$sS.A. 189886 V.-D$x1
971 ## $ccsilva$d20250121
972 ## $e0$z0$d20250225$vasantos
973 ## $cmlsousa$d20250131

Etiqueta de registo: 00254nam 2200025 450
001 2203299
003 http://id.bnportugal.gov.pt/bib/catbnp/2203299
010 ## $a978-989-571-319-6
021 ## $aPT$b531814/24
100 ## $a20250121d2024 m y0pory01030103ba
101 1# $apor
102 ## $aPT
105 ## $aa z 000yy
106 ## $ar
200 1# $a A energia das pedras.$hVol. 12,$iLepidolite$ftextos Lia Gómez$ged. Sílvia Vallejo$gtrad. Teresa Souto
210 #9 $a[S.l.]$cAtlântico Press,$dcop. 2024
215 ## $a15 p.$cil.$d27 cm
675 ## $a615.85(035)$vBN$zpor$3876340
675 ## $a549.6(035)$vBN$zpor$31943270
675 ## $a133.2(035)$vBN$zpor$31224801
700 #1 $aGómez,$bLia$31894070
702 #1 $aVallejo,$bSílvia$4340$31941887
702 #1 $aSouto,$bTeresa Ana,$f1959-$4730$31187722
801 #0 $aPT$bBN$gRPC
856 41 $uhttp://rnod.bnportugal.gov.pt/ImagesBN/winlibimg.aspx?skey=&doc=2203299&img=204001&save=true
900 ## $aBIBNAC$d20250225
966 ## $lBN$mFGMON$sS.A. 189885 V.$x1
966 ## $lBN$mFGMON$sS.A. 189885 V.-D$x1
971 ## $ccsilva$d20250121
972 ## $e0$z0$d20250225$vasantos
973 ## $cmlsousa$d20250131

Etiqueta de registo: 00254nam 2200025 450
001 2203296
003 http://id.bnportugal.gov.pt/bib/catbnp/2203296
010 ## $a978-989-571-318-9
021 ## $aPT$b531813/24
100 ## $a20250121d2024 m y0pory01030103ba
101 1# $apor
102 ## $aPT
105 ## $aa z 000yy
106 ## $ar
200 1# $a A energia das pedras.$hVol. 11,$iAmazonite$ftextos Lia Gómez$ged. Sílvia Vallejo$gtrad. Teresa Souto
210 #9 $a[S.l.]$cAtlântico Press,$dcop. 2024
215 ## $a15 p.$cil.$d27 cm
675 ## $a615.85(035)$vBN$zpor$3876340
675 ## $a549.6(035)$vBN$zpor$31943270
675 ## $a133.2(035)$vBN$zpor$31224801
700 #1 $aGómez,$bLia$31894070
702 #1 $aVallejo,$bSílvia$4340$31941887
702 #1 $aSouto,$bTeresa Ana,$f1959-$4730$31187722
801 #0 $aPT$bBN$gRPC
856 41 $uhttp://rnod.bnportugal.gov.pt/ImagesBN/winlibimg.aspx?skey=&doc=2203296&img=204000&save=true
900 ## $aBIBNAC$d20250225
966 ## $lBN$mFGMON$sS.A. 189884 V.$x1
966 ## $lBN$mFGMON$sS.A. 189884 V.-D$x1
971 ## $ccsilva$d20250121
972 ## $e0$z0$d20250225$vasantos
973 ## $cmlsousa$d20250131

Etiqueta de registo: 00254nam 2200025 450
001 2203295
003 http://id.bnportugal.gov.pt/bib/catbnp/2203295
010 ## $a978-989-571-315-8
021 ## $aPT$b531810/24
100 ## $a20250121d2024 m y0pory01030103ba
101 1# $apor
102 ## $aPT
105 ## $aa z 000yy
106 ## $ar
200 1# $a A energia das pedras.$hVol. 10,$iEsmeralda$ftextos Lia Gómez$ged. Sílvia Vallejo$gtrad. Teresa Souto
210 #9 $a[S.l.]$cAtlântico Press,$dcop. 2024
215 ## $a15 p.$cil.$d27 cm
675 ## $a615.85(035)$vBN$zpor$3876340
675 ## $a549.6(035)$vBN$zpor$31943270
675 ## $a133.2(035)$vBN$zpor$31224801
700 #1 $aGómez,$bLia$31894070
702 #1 $aVallejo,$bSílvia$4340$31941887
702 #1 $aSouto,$bTeresa Ana,$f1959-$4730$31187722
801 #0 $aPT$bBN$gRPC
856 41 $uhttp://rnod.bnportugal.gov.pt/ImagesBN/winlibimg.aspx?skey=&doc=2203295&img=203999&save=true
900 ## $aBIBNAC$d20250225
966 ## $lBN$mFGMON$sS.A. 189883 V.$x1
966 ## $lBN$mFGMON$sS.A. 189883 V.-D$x1
971 ## $ccsilva$d20250121
972 ## $e0$z0$d20250225$vasantos
973 ## $cmlsousa$d20250131

Etiqueta de registo: 00254nam 2200025 450
001 2203192
003 http://id.bnportugal.gov.pt/bib/catbnp/2203192
010 ## $a978-989-571-316-5
021 ## $aPT$b531811/24
100 ## $a20250120d2024 m y0pory01030103ba
101 1# $apor
102 ## $aPT
105 ## $aa z 000yy
106 ## $ar
200 1# $a A energia das pedras.$hVol. 9,$iTurritella$ftextos Lia Gómez$ged. Sílvia Vallejo$gtrad. Teresa Souto
210 #9 $a[S.l.]$cAtlântico Press,$dcop. 2024
215 ## $a15 p.$cil.$d27 cm
675 ## $a615.85(035)$vBN$zpor$3876340
675 ## $a549.6(035)$vBN$zpor$31943270
675 ## $a133.2(035)$vBN$zpor$31224801
700 #1 $aGómez,$bLia$31894070
702 #1 $aVallejo,$bSílvia$4340$31941887
702 #1 $aSouto,$bTeresa Ana,$f1959-$4730$31187722
801 #0 $aPT$bBN$gRPC
856 41 $uhttp://rnod.bnportugal.gov.pt/ImagesBN/winlibimg.aspx?skey=&doc=2203192&img=203996&save=true
900 ## $aBIBNAC$d20250225
966 ## $lBN$mFGMON$sS.A. 189882 V.$x1
966 ## $lBN$mFGMON$sS.A. 189882 V.-D$x1
971 ## $ccsilva$d20250120
972 ## $e0$z0$d20250225$vasantos
973 ## $cmlsousa$d20250131

Etiqueta de registo: 00254nam 2200025 450
001 2203188
003 http://id.bnportugal.gov.pt/bib/catbnp/2203188
010 ## $a978-989-571-317-2
021 ## $aPT$b531812/24
100 ## $a20250120d2024 m y0pory01030103ba
101 1# $apor
102 ## $aPT
105 ## $aa z 000yy
106 ## $ar
200 1# $a A energia das pedras.$hVol. 8,$iPedra-da-lua$ftextos Lia Gómez$ged. Sílvia Vallejo$gtrad. Teresa Souto
210 #9 $a[S.l.]$cAtlântico Press,$dcop. 2024
215 ## $a15 p.$cil.$d27 cm
675 ## $a615.85(035)$vBN$zpor$3876340
675 ## $a549.6(035)$vBN$zpor$31943270
675 ## $a133.2(035)$vBN$zpor$31224801
700 #1 $aGómez,$bLia$31894070
702 #1 $aVallejo,$bSílvia$4340$31941887
702 #1 $aSouto,$bTeresa Ana,$f1959-$4730$31187722
801 #0 $aPT$bBN$gRPC
856 41 $uhttp://rnod.bnportugal.gov.pt/ImagesBN/winlibimg.aspx?skey=&doc=2203188&img=203995&save=true
900 ## $aBIBNAC$d20250225
966 ## $lBN$mFGMON$sS.A. 189881 V.$x1
966 ## $lBN$mFGMON$sS.A. 189881 V.-D$x1
971 ## $ccsilva$d20250120
972 ## $e0$z0$d20250225$vasantos
973 ## $cmlsousa$d20250131

Etiqueta de registo: 00254nam 2200025 450
001 2203185
003 http://id.bnportugal.gov.pt/bib/catbnp/2203185
010 ## $a978-989-571-314-1
021 ## $aPT$b531809/24
100 ## $a20250120d2024 m y0pory01030103ba
101 1# $apor
102 ## $aPT
105 ## $aa z 000yy
106 ## $ar
200 1# $a A energia das pedras.$hVol. 7,$iQuartzo rosa$ftextos Lia Gómez$ged. Sílvia Vallejo$gtrad. Teresa Souto
210 #9 $a[S.l.]$cAtlântico Press,$dcop. 2024
215 ## $a15 p.$cil.$d27 cm
675 ## $a615.85(035)$vBN$zpor$3876340
675 ## $a549.6(035)$vBN$zpor$31943270
675 ## $a133.2(035)$vBN$zpor$31224801
700 #1 $aGómez,$bLia$31894070
702 #1 $aVallejo,$bSílvia$4340$31941887
702 #1 $aSouto,$bTeresa Ana,$f1959-$4730$31187722
801 #0 $aPT$bBN$gRPC
856 41 $uhttp://rnod.bnportugal.gov.pt/ImagesBN/winlibimg.aspx?skey=&doc=2203185&img=203994&save=true
900 ## $aBIBNAC$d20250225
966 ## $lBN$mFGMON$sS.A. 189880 V.$x1
966 ## $lBN$mFGMON$sS.A. 189880 V.-D$x1
971 ## $ccsilva$d20250120
972 ## $e0$z0$d20250225$vasantos
973 ## $cmlsousa$d20250131

Etiqueta de registo: 00254nam 2200025 450
001 2203180
003 http://id.bnportugal.gov.pt/bib/catbnp/2203180
010 ## $a978-989-571-313-4
021 ## $aPT$b531808/24
100 ## $a20250120d2024 m y0pory01030103ba
101 1# $apor
102 ## $aPT
105 ## $aa z 000yy
106 ## $ar
200 1# $a A energia das pedras.$hVol. 6,$iÓnix preto$ftextos Lia Gómez$ged. Sílvia Vallejo$gtrad. Teresa Souto
210 #9 $a[S.l.]$cAtlântico Press,$dcop. 2024
215 ## $a15 p.$cil.$d27 cm
675 ## $a615.85(035)$vBN$zpor$3876340
675 ## $a549.6(035)$vBN$zpor$31943270
675 ## $a133.2(035)$vBN$zpor$31224801
700 #1 $aGómez,$bLia$31894070
702 #1 $aVallejo,$bSílvia$4340$31941887
702 #1 $aSouto,$bTeresa Ana,$f1959-$4730$31187722
801 #0 $aPT$bBN$gRPC
856 41 $uhttp://rnod.bnportugal.gov.pt/ImagesBN/winlibimg.aspx?skey=&doc=2203180&img=203993&save=true
900 ## $aBIBNAC$d20250225
966 ## $lBN$mFGMON$sS.A. 189879 V.$x1
966 ## $lBN$mFGMON$sS.A. 189879 V.-D$x1
971 ## $ccsilva$d20250120
972 ## $e0$z0$d20250225$vasantos
973 ## $cmlsousa$d20250131

Etiqueta de registo: 00254nam 2200025 450
001 2203179
003 http://id.bnportugal.gov.pt/bib/catbnp/2203179
010 ## $a978-989-571-312-7
021 ## $aPT$b531807/24
100 ## $a20250120d2024 m y0pory01030103ba
101 1# $apor
102 ## $aPT
105 ## $aa z 000yy
106 ## $ar
200 1# $a A energia das pedras.$hVol. 5,$iCornalina$ftextos Lia Gómez$ged. Sílvia Vallejo$gtrad. Teresa Souto
210 #9 $a[S.l.]$cAtlântico Press,$dcop. 2024
215 ## $a15 p.$cil.$d27 cm
675 ## $a615.85(035)$vBN$zpor$3876340
675 ## $a549.6(035)$vBN$zpor$31943270
675 ## $a133.2(035)$vBN$zpor$31224801
700 #1 $aGómez,$bLia$31894070
702 #1 $aVallejo,$bSílvia$4340$31941887
702 #1 $aSouto,$bTeresa Ana,$f1959-$4730$31187722
801 #0 $aPT$bBN$gRPC
856 41 $uhttp://rnod.bnportugal.gov.pt/ImagesBN/winlibimg.aspx?skey=&doc=2203179&img=203992&save=true
900 ## $aBIBNAC$d20250225
966 ## $lBN$mFGMON$sS.A. 189878 V.$x1
966 ## $lBN$mFGMON$sS.A. 189878 V.-D$x1
971 ## $ccsilva$d20250120
972 ## $e0$z0$d20250225$vasantos
973 ## $cmlsousa$d20250131

Etiqueta de registo: 00254nam 2200025 450
001 2203178
003 http://id.bnportugal.gov.pt/bib/catbnp/2203178
010 ## $a978-989-571-311-0
021 ## $aPT$b531806/24
100 ## $a20250120d2024 m y0pory01030103ba
101 1# $apor
102 ## $aPT
105 ## $aa z 000yy
106 ## $ar
200 1# $a A energia das pedras.$hVol. 4,$iÁgata azul$ftextos Lia Gómez$ged. Sílvia Vallejo$gtrad. Teresa Souto
210 #9 $a[S.l.]$cAtlântico Press,$dcop. 2024
215 ## $a15 p.$cil.$d27 cm
675 ## $a615.85(035)$vBN$zpor$3876340
675 ## $a549.6(035)$vBN$zpor$31943270
675 ## $a133.2(035)$vBN$zpor$31224801
700 #1 $aGómez,$bLia$31894070
702 #1 $aVallejo,$bSílvia$4340$31941887
702 #1 $aSouto,$bTeresa Ana,$f1959-$4730$31187722
801 #0 $aPT$bBN$gRPC
856 41 $uhttp://rnod.bnportugal.gov.pt/ImagesBN/winlibimg.aspx?skey=&doc=2203178&img=203991&save=true
900 ## $aBIBNAC$d20250225
966 ## $lBN$mFGMON$sS.A. 189877 V.$x1
966 ## $lBN$mFGMON$sS.A. 189877 V.-D$x1
971 ## $ccsilva$d20250120
972 ## $e0$z0$d20250225$vasantos
973 ## $cmlsousa$d20250131

Etiqueta de registo: 00254nam 2200025 450
001 2203177
003 http://id.bnportugal.gov.pt/bib/catbnp/2203177
010 ## $a978-989-571-310-3
021 ## $aPT$b531805/24
100 ## $a20250120d2024 m y0pory01030103ba
101 1# $apor
102 ## $aPT
105 ## $aa z 000yy
106 ## $ar
200 1# $a A energia das pedras.$hVol. 3,$iJadeíte$ftextos Lia Gómez$ged. Sílvia Vallejo$gtrad. Teresa Souto
210 #9 $a[S.l.]$cAtlântico Press,$dcop. 2024
215 ## $a15 p.$cil.$d27 cm
675 ## $a615.85(035)$vBN$zpor$3876340
675 ## $a549.6(035)$vBN$zpor$31943270
675 ## $a133.2(035)$vBN$zpor$31224801
700 #1 $aGómez,$bLia$31894070
702 #1 $aVallejo,$bSílvia$4340$31941887
702 #1 $aSouto,$bTeresa Ana,$f1959-$4730$31187722
801 #0 $aPT$bBN$gRPC
856 41 $uhttp://rnod.bnportugal.gov.pt/ImagesBN/winlibimg.aspx?skey=&doc=2203177&img=203990&save=true
900 ## $aBIBNAC$d20250225
966 ## $lBN$mFGMON$sS.A. 189876 V.$x1
966 ## $lBN$mFGMON$sS.A. 189876 V.-D$x1
971 ## $ccsilva$d20250120
972 ## $e0$z0$d20250225$vasantos
973 ## $cmlsousa$d20250131

Etiqueta de registo: 00254nam 2200025 450
001 2203175
003 http://id.bnportugal.gov.pt/bib/catbnp/2203175
010 ## $a978-989-571-309-7
021 ## $aPT$b531804/24
100 ## $a20250120d2024 m y0pory01030103ba
101 1# $apor
102 ## $aPT
105 ## $aa z 000yy
106 ## $ar
200 1# $a A energia das pedras.$hVol. 2,$iLápis-lazúli$ftextos Lia Gómez$ged. Sílvia Vallejo$gtrad. Teresa Souto
210 #9 $a[S.l.]$cAtlântico Press,$dcop. 2024
215 ## $a15 p.$cil.$d27 cm
675 ## $a615.85(035)$vBN$zpor$3876340
675 ## $a549.6(035)$vBN$zpor$31943270
675 ## $a133.2(035)$vBN$zpor$31224801
700 #1 $aGómez,$bLia$31894070
702 #1 $aVallejo,$bSílvia$4340$31941887
702 #1 $aSouto,$bTeresa Ana,$f1959-$4730$31187722
801 #0 $aPT$bBN$gRPC
856 41 $uhttp://rnod.bnportugal.gov.pt/ImagesBN/winlibimg.aspx?skey=&doc=2203175&img=203989&save=true
900 ## $aBIBNAC$d20250225
966 ## $lBN$mFGMON$sS.A. 189875 V.$x1
966 ## $lBN$mFGMON$sS.A. 189875 V.-D$x1
971 ## $ccsilva$d20250120
972 ## $e0$z0$d20250225$vasantos
973 ## $cmlsousa$d20250131

Etiqueta de registo: 00254nam 2200025 450
001 2203173
003 http://id.bnportugal.gov.pt/bib/catbnp/2203173
010 ## $a978-989-571-308-0
021 ## $aPT$b531803/24
100 ## $a20250120d2024 m y0pory01030103ba
101 1# $apor
102 ## $aPT
105 ## $aa z 000yy
106 ## $ar
200 1# $a A energia das pedras.$hVol. 1,$iAmetista$ftextos Lia Gómez$ged. Sílvia Vallejo$gtrad. Teresa Souto
210 #9 $a[S.l.]$cAtlântico Press,$dcop. 2024
215 ## $a15 p.$cil.$d27 cm
675 ## $a615.85(035)$vBN$zpor$3876340
675 ## $a549.6(035)$vBN$zpor$31943270
675 ## $a133.2(035)$vBN$zpor$31224801
700 #1 $aGómez,$bLia$31894070
702 #1 $aVallejo,$bSílvia$4340$31941887
702 #1 $aSouto,$bTeresa Ana,$f1959-$4730$31187722
801 #0 $aPT$bBN$gRPC
856 41 $uhttp://rnod.bnportugal.gov.pt/ImagesBN/winlibimg.aspx?skey=&doc=2203173&img=203988&save=true
900 ## $aBIBNAC$d20250225
966 ## $lBN$mFGMON$sS.A. 189874 V.$x1
966 ## $lBN$mFGMON$sS.A. 189874 V.-D$x1
971 ## $ccsilva$d20250120
972 ## $e0$z0$d20250225$vasantos
973 ## $cmlsousa$d20250131

Etiqueta de registo: 00254nam 2200025 450
001 2224326
003 http://id.bnportugal.gov.pt/bib/catbnp/2224326
010 ## $a978-989-571-377-6
021 ## $aPT$b539679/24
100 ## $a20250826d2025 m y0pory01030103ba
101 1# $apor
102 ## $aPT
105 ## $aa z 000yy
106 ## $ar
200 1# $aBugatti Veyron 16.4 Grand Sport Vitesse$fed. Silvia Vallejo
210 #9 $a[S.l.$cAtlântico Press],$dcop. 2025
215 ## $a[10] p.$cil.$d27 cm
225 2# $aSuper cars$v3
675 ## $a629.33(430)$vBN$zpor$31042802
702 #1 $aVallejo,$bSílvia$4340$31941887
801 #0 $aPT$bBN$gRPC
856 41 $uhttp://rnod.bnportugal.gov.pt/ImagesBN/winlibimg.aspx?skey=&doc=2224326&img=212175&save=true
900 ## $aBIBNAC$d20250922
966 ## $lBN$mFGMON$sS.A. 191632 V.$x1
966 ## $lBN$mFGMON$sS.A. 191632 V.-D$x1
971 ## $cabrito$d20250826
973 ## $cigoulao$d20250909
975 ## $e0$d20250922$viquintas

Etiqueta de registo: 00254nam 2200025 450
001 2224324
003 http://id.bnportugal.gov.pt/bib/catbnp/2224324
010 ## $a978-989-571-376-9
021 ## $aPT$b539678/24
100 ## $a20250826d2025 m y0pory01030103ba
101 1# $apor
102 ## $aPT
105 ## $aa z 000yy
106 ## $ar
200 1# $aFerrari Enzo$fed. Silvia Vallejo
210 #9 $a[S.l.$cAtlântico Press],$dcop. 2025
215 ## $a[10] p.$cil.$d27 cm
225 2# $aSuper cars$v2
675 ## $a629.33(450)$vBN$zpor$31859411
702 #1 $aVallejo,$bSílvia$4340$31941887
801 #0 $aPT$bBN$gRPC
856 41 $uhttp://rnod.bnportugal.gov.pt/ImagesBN/winlibimg.aspx?skey=&doc=2224324&img=212174&save=true
900 ## $aBIBNAC$d20250922
966 ## $lBN$mFGMON$sS.A. 191631 V.$x1
966 ## $lBN$mFGMON$sS.A. 191631 V.-D$x1
971 ## $cabrito$d20250826
973 ## $cigoulao$d20250909
975 ## $e0$d20250922$viquintas

Etiqueta de registo: 00254nam 2200025 450
001 2224320
003 http://id.bnportugal.gov.pt/bib/catbnp/2224320
010 ## $a978-989-571-375-2
021 ## $aPT$b539677/24
100 ## $a20250826d2025 m y0pory01030103ba
101 1# $apor
102 ## $aPT
105 ## $aa z 000yy
106 ## $ar
200 1# $aLamborghini Aventador$fed. Silvia Vallejo
210 #9 $a[S.l.$cAtlântico Press],$dcop. 2025
215 ## $a[16] p.$cil.$d27 cm
225 2# $aSuper cars$v1
675 ## $a629.33(450)$vBN$zpor$31859411
702 #1 $aVallejo,$bSílvia$4340$31941887
801 #0 $aPT$bBN$gRPC
856 41 $uhttp://rnod.bnportugal.gov.pt/ImagesBN/winlibimg.aspx?skey=&doc=2224320&img=212173&save=true
900 ## $aBIBNAC$d20250922
966 ## $lBN$mFGMON$sS.A. 191630 V.$x1
966 ## $lBN$mFGMON$sS.A. 191630 V.-D$x1
971 ## $cabrito$d20250826
973 ## $cigoulao$d20250909
975 ## $e0$d20250922$viquintas

Etiqueta de registo: 00254nam 2200025 450
001 2224307
003 http://id.bnportugal.gov.pt/bib/catbnp/2224307
010 ## $a978-989-571-388-2
021 ## $aPT$b539690/24
100 ## $a20250826d2025 m y0pory01030103ba
101 1# $apor
102 ## $aPT
105 ## $aa z 000yy
106 ## $ar
200 1# $aAudi TT Roadster 1999$fed. Silvia Vallejo
210 #9 $a[S.l.$cAtlântico Press],$dcop. 2025
215 ## $a[10] p.$cil.$d27 cm
225 2# $aSuper cars$v14
675 ## $a629.33(430)$vBN$zpor$31042802
702 #1 $aVallejo,$bSílvia$4340$31941887
801 #0 $aPT$bBN$gRPC
856 41 $uhttp://rnod.bnportugal.gov.pt/ImagesBN/winlibimg.aspx?skey=&doc=2224307&img=212171&save=true
900 ## $aBIBNAC$d20250922
966 ## $lBN$mFGMON$sS.A. 191642 V.$x1
966 ## $lBN$mFGMON$sS.A. 191642 V.-D$x1
971 ## $corlando$d20250826
973 ## $cigoulao$d20250910
975 ## $e0$d20250922$viquintas

Etiqueta de registo: 00254nam 2200025 450
001 2224306
003 http://id.bnportugal.gov.pt/bib/catbnp/2224306
010 ## $a978-989-571-389-9
021 ## $aPT$b539691/24
100 ## $a20250826d2025 m y0pory01030103ba
101 1# $apor
102 ## $aPT
105 ## $aa z 000yy
106 ## $ar
200 1# $aMercedes-Benz Classe S (W220)$fed. Silvia Vallejo
210 #9 $a[S.l.$cAtlântico Press],$dcop. 2025
215 ## $a[10] p.$cil.$d27 cm
225 2# $aSuper cars$v15
675 ## $a629.33(430)$vBN$zpor$31042802
702 #1 $aVallejo,$bSílvia$4340$31941887
801 #0 $aPT$bBN$gRPC
856 41 $uhttp://rnod.bnportugal.gov.pt/ImagesBN/winlibimg.aspx?skey=&doc=2224306&img=212170&save=true
900 ## $aBIBNAC$d20250922
966 ## $lBN$mFGMON$sS.A. 191643 V.$x1
966 ## $lBN$mFGMON$sS.A. 191643 V.-D$x1
971 ## $corlando$d20250826
973 ## $cigoulao$d20250910
975 ## $e0$d20250922$viquintas

Etiqueta de registo: 00254nam 2200025 450
001 2224273
003 http://id.bnportugal.gov.pt/bib/catbnp/2224273
010 ## $a978-989-571-382-0
021 ## $aPT$b539684/24
100 ## $a20250826d2025 m y0pory01030103ba
101 1# $apor
102 ## $aPT
105 ## $aa z 000yy
106 ## $ar
200 1# $aFerrari LaFerrari$fed. Silvia Vallejo
210 #9 $a[S.l.$cAtlântico Press],$dcop. 2025
215 ## $a[10] p.$cil.$d27 cm
225 2# $aSuper cars$v08
675 ## $a629.33(450)$vBN$zpor$31859411
702 #1 $aVallejo,$bSílvia$4340$31941887
801 #0 $aPT$bBN$gRPC
856 41 $uhttp://rnod.bnportugal.gov.pt/ImagesBN/winlibimg.aspx?skey=&doc=2224273&img=212166&save=true
900 ## $aBIBNAC$d20250922
966 ## $lBN$mFGMON$sS.A. 191636 V.$x1
966 ## $lBN$mFGMON$sS.A. 191636 V.-D$x1
973 ## $cigoulao$d20250910
975 ## $e0$d20250922$viquintas

Etiqueta de registo: 00254nam 2200025 450
001 2224271
003 http://id.bnportugal.gov.pt/bib/catbnp/2224271
010 ## $a978-989-571-381-3
021 ## $aPT$b539683/24
100 ## $a20250826d2025 m y0pory01030103ba
101 1# $apor
102 ## $aPT
105 ## $aa z 000yy
106 ## $ar
200 1# $aDodge Viper GTS 1996$fed. Silvia Vallejo
210 #9 $a[S.l.$cAtlântico Press],$dcop. 2025
215 ## $a[10] p.$cil.$d27 cm
225 2# $aSuper cars$v07
675 ## $a629.33(73)$vBN$zpor$31859401
702 #1 $aVallejo,$bSílvia$4340$31941887
801 #0 $aPT$bBN$gRPC
856 41 $uhttp://rnod.bnportugal.gov.pt/ImagesBN/winlibimg.aspx?skey=&doc=2224271&img=212165&save=true
900 ## $aBIBNAC$d20250922
966 ## $lBN$mFGMON$sS.A. 191635 V.$x1
966 ## $lBN$mFGMON$sS.A. 191635 V.-D$x1
971 ## $cjbeatriz$d20250826
973 ## $cigoulao$d20250910
975 ## $e0$d20250922$viquintas

Etiqueta de registo: 00254nam 2200025 450
001 2224256
003 http://id.bnportugal.gov.pt/bib/catbnp/2224256
010 ## $a978-989-571-379-0
021 ## $aPT$b539681/24
100 ## $a20250826d2025 m y0pory01030103ba
101 1# $apor
102 ## $aPT
105 ## $aa z 000yy
106 ## $ar
200 1# $aFord Mustang Boss 302 2013$fed. Silvia Vallejo
210 #9 $a[S.l.$cAtlântico Press],$dcop. 2025
215 ## $a[10] p.$cil.$d27 cm
225 2# $aSuper cars$v5
675 ## $a629.33(73)$vBN$zpor$31859401
702 #1 $aVallejo,$bSílvia$4340$31941887
801 #0 $aPT$bBN$gRPC
856 41 $uhttp://rnod.bnportugal.gov.pt/ImagesBN/winlibimg.aspx?skey=&doc=2224256&img=212162&save=true
900 ## $aBIBNAC$d20250922
966 ## $lBN$mFGMON$sS.A. 191634 V.$x1
966 ## $lBN$mFGMON$sS.A. 191634 V.-D$x1
973 ## $cigoulao$d20250910
975 ## $e0$d20250922$viquintas

Etiqueta de registo: 00254nam 2200025 450
001 2224254
003 http://id.bnportugal.gov.pt/bib/catbnp/2224254
010 ## $a978-989-571-378-3
021 ## $aPT$b539680/24
100 ## $a20250826d2025 m y0pory01030103ba
101 1# $apor
102 ## $aPT
105 ## $aa z 000yy
106 ## $ar
200 1# $aChevrolet Corvette C7 Stingray$fed. Silvia Vallejo
210 #9 $a[S.l.$cAtlântico Press],$dcop. 2025
215 ## $a[10] p.$cil.$d27 cm
225 2# $aSuper cars$v04
675 ## $a629.33(73)$vBN$zpor$31859401
702 #1 $aVallejo,$bSílvia$4340$31941887
801 #0 $aPT$bBN$gRPC
856 41 $uhttp://rnod.bnportugal.gov.pt/ImagesBN/winlibimg.aspx?skey=&doc=2224254&img=212160&save=true
900 ## $aBIBNAC$d20250922
966 ## $lBN$mFGMON$sS.A. 191633 V.$x1
966 ## $lBN$mFGMON$sS.A. 191633 V.-D$x1
971 ## $cisantos$d20250826
973 ## $cigoulao$d20250910
975 ## $e0$d20250922$viquintas

Etiqueta de registo: 00254nam 2200025 450
001 2224245
003 http://id.bnportugal.gov.pt/bib/catbnp/2224245
010 ## $a978-989-571-385-1
021 ## $aPT$b539687/24
100 ## $a20250826d2025 m y0pory01030103ba
101 1# $apor
102 ## $aPT
105 ## $aa z 000yy
106 ## $ar
200 1# $aFerrari F40 Competizione$fed. Silvia Vallejo
210 #9 $a[S.l.$cAtlântico Press],$dcop. 2025
215 ## $a[10] p.$cil.$d27 cm
225 2# $aSuper cars$v11
675 ## $a629.33(450)$vBN$zpor$31859411
702 #1 $aVallejo,$bSílvia$4340$31941887
801 #0 $aPT$bBN$gRPC
856 41 $uhttp://rnod.bnportugal.gov.pt/ImagesBN/winlibimg.aspx?skey=&doc=2224245&img=212158&save=true
900 ## $aBIBNAC$d20250922
966 ## $lBN$mFGMON$sS.A. 191639 V.$x1
966 ## $lBN$mFGMON$sS.A. 191639 V.-D$x1
971 ## $cisantos$d20250826
973 ## $cigoulao$d20250910
975 ## $e0$d20250922$viquintas

Etiqueta de registo: 00254nam 2200025 450
001 2224238
003 http://id.bnportugal.gov.pt/bib/catbnp/2224238
010 ## $a978-989-571-387-5
021 ## $aPT$b539689/24
100 ## $a20250826d2025 m y0pory01030103ba
101 0# $apor
102 ## $aPT
105 ## $aa z 000yy
106 ## $ar
200 1# $aFerrari 599 GTO$fed. Silvia Vallejo
210 #9 $a[S.l.$cAtlântico Press],$dcop. 2025
215 ## $a[10] p.$cil.$d27 cm
225 2# $aSuper cars$v13
675 ## $a629.33(450)$vBN$zpor$31859411
702 #1 $aVallejo,$bSílvia$4340$31941887
801 #0 $aPT$bBN$gRPC
856 41 $uhttp://rnod.bnportugal.gov.pt/ImagesBN/winlibimg.aspx?skey=&doc=2224238&img=212156&save=true
900 ## $aBIBNAC$d20250922
966 ## $lBN$mFGMON$sS.A. 191641 V.$x1
966 ## $lBN$mFGMON$sS.A. 191641 V.-D$x1
971 ## $cisantos$d20250826
973 ## $cigoulao$d20250910
975 ## $e0$d20250922$viquintas

Etiqueta de registo: 00254nam 2200025 450
001 2224237
003 http://id.bnportugal.gov.pt/bib/catbnp/2224237
010 ## $a978-989-571-386-8
021 ## $aPT$b539688/24
100 ## $a20250826d2025 m y0pory01030103ba
101 1# $apor
102 ## $aPT
105 ## $aa z 000yy
106 ## $ar
200 1# $aMercedes-Benz 190E 2.5-16 Evolution II 1990$fed. Silvia Vallejo
210 #9 $a[S.l.$cAtlântico Press],$dcop. 2025
215 ## $a[10] p.$cil.$d27 cm
225 2# $aSuper cars$v12
675 ## $a629.33(430)$vBN$zpor$31042802
702 #1 $aVallejo,$bSílvia$4340$31941887
801 #0 $aPT$bBN$gRPC
856 41 $uhttp://rnod.bnportugal.gov.pt/ImagesBN/winlibimg.aspx?skey=&doc=2224237&img=212155&save=true
900 ## $aBIBNAC$d20250922
966 ## $lBN$mFGMON$sS.A. 191640 V.$x1
966 ## $lBN$mFGMON$sS.A. 191640 V.-D$x1
971 ## $cisantos$d20250826
973 ## $cigoulao$d20250910
975 ## $e0$d20250922$viquintas

Etiqueta de registo: 00254nam 2200025 450
001 2224220
003 http://id.bnportugal.gov.pt/bib/catbnp/2224220
010 ## $a978-989-571-383-7
021 ## $aPT$b539685/24
100 ## $a20250826d2025 m y0pory01030103ba
101 1# $apor
102 ## $aPT
105 ## $aa z 000yy
106 ## $ar
200 1# $aChevroley Bel Air 1955$fed. Silvia Vallejo
210 #9 $a[S.l.$cAtlântico Press],$dcop. 2025
215 ## $a[10] p.$cil.$d27 cm
225 2# $aSuper cars$v9
675 ## $a629.33(73)$vBN$zpor$31859401
702 #1 $aVallejo,$bSílvia$4340$31941887
801 #0 $aPT$bBN$gRPC
856 41 $uhttp://rnod.bnportugal.gov.pt/ImagesBN/winlibimg.aspx?skey=&doc=2224220&img=212153&save=true
900 ## $aBIBNAC$d20250922
966 ## $lBN$mFGMON$sS.A. 191637 V.$x1
966 ## $lBN$mFGMON$sS.A. 191637 V.-D$x1
971 ## $cisantos$d20250826
973 ## $cigoulao$d20250910
975 ## $e0$d20250922$viquintas

Etiqueta de registo: 00254nam 2200025 450
001 2224239
003 http://id.bnportugal.gov.pt/bib/catbnp/2224239
010 ## $a978-989-571-384-4
021 ## $aPT$b539686/24
100 ## $a20250826d2025 m y0pory01030103ba
101 1# $apor
102 ## $aPT
105 ## $aa z 000yy
106 ## $ar
200 1# $aBMW Z8$fed. Silvia Vallejo
210 #9 $a[S.l.$cAtlântico Press],$dcop. 2025
215 ## $a[10] p.$cil.$d27 cm
225 2# $aSuper cars$v10
675 ## $a629.33(430)$vBN$zpor$31042802
702 #1 $aVallejo,$bSílvia$4340$31941887
801 #0 $aPT$bBN$gRPC
856 41 $uhttp://rnod.bnportugal.gov.pt/ImagesBN/winlibimg.aspx?skey=&doc=2224239&img=212157&save=true
900 ## $aBIBNAC$d20250922
966 ## $lBN$mFGMON$sS.A. 191638 V.$x1
966 ## $lBN$mFGMON$sS.A. 191638 V.-D$x1
971 ## $cisantos$d20250826
973 ## $cigoulao$d20250911
975 ## $e0$d20250922$viquintas

Etiqueta de registo: 00254nam 2200025 450
001 2233443
003 http://id.bnportugal.gov.pt/bib/catbnp/2233443
010 ## $a978-989-571-394-3
021 ## $aPT$b539696/24
100 ## $a20251103d2025 m y0pory01030103ba
101 1# $apor
102 ## $aPT
105 ## $aa z 000yy
106 ## $ar
200 1# $aFord Mustang Boss 302 1970$fed. Silvia Vallejo
210 #9 $a[S.l.$cAtlântico Press],$dcop. 2025
215 ## $a[10] p.$cil.$d27 cm
225 2# $aSuper cars$v20
675 ## $a629.33(73)$vBN$zpor$31859401
702 #1 $aVallejo,$bSílvia$4340$31941887
801 #0 $aPT$bBN$gRPC
856 41 $uhttp://rnod.bnportugal.gov.pt/ImagesBN/winlibimg.aspx?skey=&doc=2233443&img=216234&save=true
900 ## $aBIBNAC$d20251218
966 ## $lBN$mFGMON$sS.A. 192412 V.$x1
966 ## $lBN$mFGMON$sS.A. 192412 V.-D$x1
971 ## $casantos$d20251203
972 ## $e0$z0$d20251218$vlrevez
973 ## $cigoulao$d20251204

Etiqueta de registo: 00254nam 2200025 450
001 2233440
003 http://id.bnportugal.gov.pt/bib/catbnp/2233440
010 ## $a978-989-571-393-6
021 ## $aPT$b539695/24
100 ## $a20251103d2025 m y0pory01030103ba
101 1# $apor
102 ## $aPT
105 ## $aa z 000yy
106 ## $ar
200 1# $aBMW Série 1 Coupé$fed. Silvia Vallejo
210 #9 $a[S.l.$cAtlântico Press],$dcop. 2025
215 ## $a[10] p.$cil.$d27 cm
225 2# $aSuper cars$v19
675 ## $a629.33(430)$vBN$zpor$31042802
702 #1 $aVallejo,$bSílvia$4340$31941887
801 #0 $aPT$bBN$gRPC
856 41 $uhttp://rnod.bnportugal.gov.pt/ImagesBN/winlibimg.aspx?skey=&doc=2233440&img=216233&save=true
900 ## $aBIBNAC$d20251218
966 ## $lBN$mFGMON$sS.A. 192411 V.$x1
966 ## $lBN$mFGMON$sS.A. 192411 V.-D$x1
971 ## $casantos$d20251203
972 ## $e0$z0$d20251218$vlrevez
973 ## $cigoulao$d20251204

Etiqueta de registo: 00254nam 2200025 450
001 2233437
003 http://id.bnportugal.gov.pt/bib/catbnp/2233437
010 ## $a978-989-571-392-9
021 ## $aPT$b539694/24
100 ## $a20251103d2025 m y0pory01030103ba
101 1# $apor
102 ## $aPT
105 ## $aa z 000yy
106 ## $ar
200 1# $aFerrari Roma$fed. Silvia Vallejo
210 #9 $a[S.l.$cAtlântico Press],$dcop. 2025
215 ## $a[10] p.$cil.$d27 cm
225 2# $aSuper cars$v18
675 ## $a629.33(450)$vBN$zpor$31859411
702 #1 $aVallejo,$bSílvia$4340$31941887
801 #0 $aPT$bBN$gRPC
856 41 $uhttp://rnod.bnportugal.gov.pt/ImagesBN/winlibimg.aspx?skey=&doc=2233437&img=216231&save=true
900 ## $aBIBNAC$d20251218
966 ## $lBN$mFGMON$sS.A. 192410 V.$x1
966 ## $lBN$mFGMON$sS.A. 192410 V.-D$x1
971 ## $casantos$d20251203
972 ## $e0$z0$d20251218$vlrevez
973 ## $cigoulao$d20251204

Etiqueta de registo: 00254nam 2200025 450
001 2233434
003 http://id.bnportugal.gov.pt/bib/catbnp/2233434
010 ## $a978-989-571-391-2
021 ## $aPT$b539693/24
100 ## $a20251103d2025 m y0pory01030103ba
101 1# $apor
102 ## $aPT
105 ## $aa z 000yy
106 ## $ar
200 1# $aLamborghini Countach LP 400S$fed. Silvia Vallejo
210 #9 $a[S.l.$cAtlântico Press],$dcop. 2025
215 ## $a[10] p.$cil.$d27 cm
225 2# $aSuper cars$v17
675 ## $a629.33(450)$vBN$zpor$31859411
702 #1 $aVallejo,$bSílvia$4340$31941887
801 #0 $aPT$bBN$gRPC
856 41 $uhttp://rnod.bnportugal.gov.pt/ImagesBN/winlibimg.aspx?skey=&doc=2233434&img=216230&save=true
900 ## $aBIBNAC$d20251218
966 ## $lBN$mFGMON$sS.A. 192409 V.$x1
966 ## $lBN$mFGMON$sS.A. 192409 V.-D$x1
971 ## $casantos$d20251203
972 ## $e0$z0$d20251218$vlrevez
973 ## $cigoulao$d20251204

Etiqueta de registo: 00254nam 2200025 450
001 2233432
003 http://id.bnportugal.gov.pt/bib/catbnp/2233432
010 ## $a978-989-571-390-5
021 ## $aPT$b539692/24
100 ## $a20251103d2025 m y0pory01030103ba
101 1# $apor
102 ## $aPT
105 ## $aa z 000yy
106 ## $ar
200 1# $aFerrari F50$fed. Silvia Vallejo
210 #9 $a[S.l.$cAtlântico Press],$dcop. 2025
215 ## $a[10] p.$cil.$d27 cm
225 2# $aSuper cars$v16
675 ## $a629.33(450)$vBN$zpor$31859411
702 #1 $aVallejo,$bSílvia$4340$31941887
801 #0 $aPT$bBN$gRPC
856 41 $uhttp://rnod.bnportugal.gov.pt/ImagesBN/winlibimg.aspx?skey=&doc=2233432&img=216228&save=true
900 ## $aBIBNAC$d20251218
966 ## $lBN$mFGMON$sS.A. 192408 V.$x1
966 ## $lBN$mFGMON$sS.A. 192408 V.-D$x1
971 ## $casantos$d20251203
972 ## $e0$z0$d20251218$vlrevez
973 ## $cigoulao$d20251204

OpendataBNP@bnportugal.pt | Mais informação sobre acesso aos dados BNP